Quiz sur la langue française - #01 - Statistiques

Statistiques générales
  • Ce quiz a été pris 141 fois
    140 depuis la dernière actualisation
  • Le résultat moyen est 10 sur 20
Statistiques - réponses
Indice Réponse % Correct
Quel anagramme du mot "chien" désigne également sa maison ? Niche
99%
Donnez au moins un des 7 noms communs en "ou" qui prennent un "x" au pluriel. Bijoux, cailloux, choux, genoux, hiboux, joujoux ou poux
91%
Comment nomme-t-on un vers composé de deux hémistiches de six syllabes chacun, soit un vers de douze syllabes ? Alexandrin
81%
Quelle est la seule commune en France composée d'une seule lettre ? Y
74%
Quel verbe se terminant par "-er" à l'infinitif n'est pas un verbe du premier groupe ? Aller
72%
Quel était le nom complet du dramaturge Molière ? Jean-Baptiste Poquelin
61%
Conjuguez le verbe "aimer" à la deuxième personne du pluriel au passé simple. Vous aimâtes
60%
Quel mot désignant les enfants en France, désigne les testicules au Québec ? Gosses
58%
Quel est le seul mot de la langue française qui possède un "u" avec un accent grave ?
55%
Quel dérivé du verbe "venir" signifie "mettre en garde" ? Prévenir
50%
Les verbes "être" et "avoir" permettent en français de former la voix passive ou de conjuguer les autres verbes à certains temps et modes précis. Comment nomme-t-on ce type de verbe ? Auxiliaires
48%
Quel mot désigne un emprunt à la langue anglaise ? Anglicisme
43%
Quel écrivain est connu pour les "Rougon-Macquart" ? Emile Zola
39%
Quel temps permet, en français, de parler d'un fait considéré comme accompli dans le futur de manière certaine ? Futur antérieur
33%
Quelle figure de style consiste en une atténuation qui suggère le plus en disant le moins, comme dans la phrase : "Va, je ne te hais point" ? Litote
31%
Comment nomme-t-on un mot ou un groupe de mots qui, en général, correspond à ce qui dans une phrase accomplit l'action verbale ? Sujet
27%
Comment nomme-t-on la fusion entre deux graphème (deux lettres) pour en créer un nouveau comme dans "Œil", "Sœur" ou encore "Œnologie" Ligature
19%
Quel pays a également pour devise "Liberté, Egalité, Fraternité" ? Haïti
11%
Conjuguez le verbe "oindre" à la première personne du singulier à l'imparfait du subjonctif. Que j'oignisse
9%
Comme qualifie-t-on un verbe qui ne se conjugue pas à tous les temps et / ou pas à toutes les personnes ? Verbe défectif
7%
Aucun quiz correspondant
Distribution des résultats
% des personnes avec chaque résultat
Percentile par nombre de réponses
Votre historique - résultats
Vous n’avez pas pris ce quiz depuis la dernière actualisation